Score 0/10 Timer 04:00
0 Plays Today
Question Answer Wrong Answers
Highgate Cemetery N6 6PJ
93.3%
E6 6PJ
4.4%
SE6 6PJ
0%
SW6 6PJ
0%
Kew Gardens TW9 3AE
92.2%
E16 3RD
2.2%
N3 3NN
1.1%
SE6 7UP
1.1%
Dorchester Hotel, Park Lane W1K 1QA
91.1%
E6 6EE
1.1%
N2 8BB
3.3%
SE13 3DT
0%
Waterloo station SE1 7ND
90%
NW1 6EU
3.3%
NW10 7ND
0%
SE10 6EU
4.4%
Hackney Town Hall E8 1EA
90%
SE1 8EA
1.1%
SW8 1AE
2.2%
W1 8AE
2.2%
The Valley (Charlton Athletic FC's stadium) SE7 8BL
85.6%
SW19 0CL
5.6%
W3 6DL
2.2%
W9 9EL
3.3%
London Zoo NW1 4RY
82.2%
E18 2OO
4.4%
SW2 3ZB
2.2%
WC3A 1PM
7.8%
BT Tower (formerly Post Office Tower) W1T 4JZ
80%
E14 4PP
6.7%
NW7 3NW
5.6%
SE3 3KK
5.6%
Natural History Museum SW7 5BD
77.8%
EC2P 4NH
15.6%
N4 5OR
4.4%
RM10 7HP
1.1%
Tate Britain SW1P 4RG
72.2%
EC1P 2PD
11.1%
SE8 1TM
11.1%
SW19 8TN
2.2%
Remove Ads.
Support Sporcle.
Get the best of Sporcle when you Go Orange. This ad-free experience offers more features, more stats, and more fun while also helping to support Sporcle. Thank you for becoming a member.

You're not logged in!

Compare scores with friends on all Sporcle quizzes.
OR
Log In

Show Comments

Extras

Created Dec 11, 2018ReportNominate
Tags:London, postcode

Top Quizzes Today


Score Distribution

Your Account Isn't Verified!

In order to create a playlist on Sporcle, you need to verify the email address you used during registration. Go to your Sporcle Settings to finish the process.

Report this User

Report this user for behavior that violates our Community Guidelines.

Details: